Missing Word: Moon Songs Quiz Stats

Quiz Updated Jun 21, 2015

Challenge
Share
Tweet
Embed
Score 0/16 Timer 04:00
0 Plays Today
Song Title Missing Word % Correct
Bad Moon ______Rising
89%
______ Me To The MoonFly
85.4%
To The Moon And ______Back
85.3%
Walking ______ The MoonOn
82.6%
Moon ______River
78.4%
The Moon Just ______ BlueTurned
73.5%
______ MoonBlue
70.9%
______ In The MoonlightDancing
69.7%
Song Title Missing Word % Correct
There's A Moon Out ______Tonight
67.7%
______ On The MoonMan
63.3%
Song ______ The MoonAbout
53%
Moonlight ______ YouBecomes
52.6%
Moonlight ______Serenade
51.3%
______ The Cherry MoonUnder
46.5%
______ Moon On MondayNew
43.1%
Everyone's ______ to the MoonGone
36.8%

Today's Daily Dose

You're not logged in!

Compare scores with friends on all Sporcle quizzes.
Join for Free
OR
Log In

You Might Also Like...

Show Comments

Extras

Top Quizzes Today


Score Distribution

Your Account Isn't Verified!

In order to create a playlist on Sporcle, you need to verify the email address you used during registration. Go to your Sporcle Settings to finish the process.

Report this User

Report this user for behavior that violates our Community Guidelines.

Details: